Introducción a la teoría del Estado : fundamentos históricos de la legitimidad del Estado constitucional democrático /

Bibliographic Details
Main Author: Kriele, Martin, 1931- (Author)
Other Authors: Agurto Gonzáles, Carlos Antonio (Editor), Quequejana Mamani, Sonia Lidia (Editor), Choque Cuenca, Benigno (Editor), Marcano Salazar, Luis Manuel (contributor agent of text.)
Format: Electronic eBook
Language:Spanish
German
Published: Santiago, Chile : Ediciones Olejnik, [2022]
Series:Biblioteca de derecho público.
Subjects:
Online Access:Digitalia Hispánica

MARC

LEADER 00000nam a2200000Ii 4500
001 DIGOLEJNK1268
003 NyNyDIG
006 m o d
007 cr |||||||||||
008 251203s2022 cl ob 000 0 spa d
035 |a (OCoLC)1560009613 
040 |a DGITA  |b eng  |e rda  |e pn  |c DGITA 
020 |z 9789564071794 
041 1 |a spa  |h ger 
050 1 4 |a K3165 ebook 
100 1 |a Kriele, Martin,  |d 1931-  |e author. 
240 1 0 |a Einführung in die Staatslehre.  |l Spanish 
245 1 0 |a Introducción a la teoría del Estado :  |b fundamentos históricos de la legitimidad del Estado constitucional democrático /  |c Martin Kriele ; edición al cuidado de Carlos Antonio Agurto Gonzáles, Sonia Lidia Quequejana Mamani, Benigno Choque Cuenca ; revisión de la traducción, Luis M. Marcano Salazar y equipo. 
264 1 |a Santiago, Chile :  |b Ediciones Olejnik,  |c [2022] 
300 |a 1 online resource. 
336 |a text  |b txt  |2 rdacontent 
337 |a computer  |b c  |2 rdamedia 
338 |a online resource  |b cr  |2 rdacarrier 
347 |a text file  |2 rdaft 
347 |b PDF 
490 1 |a Biblioteca de derecho público 
504 |a Includes bibliographical references. 
588 0 |a Online resource; title from PDF title page (Digitalia, viewed December 3, 2025) 
650 0 |a Constitutional law. 
650 0 |a State, The. 
700 1 |a Agurto Gonzáles, Carlos Antonio,  |e editor. 
700 1 |a Quequejana Mamani, Sonia Lidia,  |e editor. 
700 1 |a Choque Cuenca, Benigno,  |e editor. 
700 1 |a Marcano Salazar, Luis Manuel,  |e contributor agent of text. 
700 1 |i Translation of:  |a Kriele, Martin,  |d 1931-  |t Einführung in die Staatslehre. 
791 2 |a Digitalia (Firm),  |e distributor. 
793 0 |g Digitalia eBook Collection:  |a Ediciones Olejnik 
776 0 8 |i Print version:  |a Kriele, Martin, 1931-  |s Einführung in die Staatslehre. Spanish. Introducción a la teoría del Estado.  |b Primera edición en Ediciones Olejnik.  |d Santiago, Chile : Ediciones Olejnik, 2022  |z 9789564071794 
830 0 |a Biblioteca de derecho público. 
856 4 0 |3 Digitalia Hispánica  |u https://www.digitaliapublishing.com/a/157774/ 
910 |a Premium collection: 2025